European Actresses by Picture #3 - Statistics

General Stats
  • This quiz has been taken 48 times
  • The average score is 8 of 16
Answer Stats
Picture Answer % Correct
Audrey Hepburn
90%
Judi Dench
88%
Helena Bonham Carter
86%
Keira Knightley
81%
Emma Thompson
69%
Florence Pugh
62%
Lily Collins
43%
Rachel Weisz
38%
Sophie Turner
38%
Carey Mulligan
36%
Rosamund Pike
36%
Marlene Dietrich
31%
Vanessa Kirby
31%
Naomi Watts
26%
Naomi Scott
10%
Elsa Pataky
5%
No matching quizzes found
Score Distribution
Percent of People with Each Score
Percentile by Number Answered
Your Score History
You have not taken this quiz